[Event "Sautron op 16th"]
[Site "Sautron"]
[Date "2016.10.29"]
[Round "9.27"]
[White "Pottier, Simeon"]
[Black "Kollar, Guillaume"]
[Result "1-0"]
[WhiteElo "1945"]
[BlackElo "1461"]
[PlyCount "75"]
[EventDate "2016.10.22"]
[EventType "swiss"]
[EventRounds "9"]
[EventCountry "FRA"]
[SourceTitle "EXT 2019"]
[Source "ChessBase"]
[SourceDate "2018.10.10"]
[SourceVersion "1"]
[SourceVersionDate "2018.10.10"]
[SourceQuality "1"]

1. d4 c5 2. d5 Nf6 3. c4 d6 4. Nc3 g6 5. e4 Bg7 6. f4 0-0 7. Nf3 Na6 8. Bd3 e6 9. 0-0 Nc7 10. Re1 a6 11. a4 Bd7 12. a5 exd5 13. cxd5 Nb5 14. Bd2 b6 15. e5 Nxc3 16. Bxc3 Nxd5 17. Be4 Nxc3 18. bxc3 Rb8 19. Qxd6 Bb5 20. Qxd8 Rfxd8 21. axb6 Rxb6 22. Red1 Rxd1+ 23. Rxd1 Bc4 24. Rd8+ Bf8 25. Nd2 Be6 26. c4 Kg7 27. Bd5 Be7 28. Ra8 f6 29. Ra7 Kf7 30. Ne4 Rb1+ 31. Kf2 Rb2+ 32. Ke3 Rb3+ 33. Kd2 Bxd5 34. cxd5 Ke8 35. d6 Bd8 36. e6 Ba5+ 37. Kc2 Re3 38. Nxf6+ 1-0

[Event "Basses Vallees Angevines op 4th"]
[Site "Cantenay Epinard"]
[Date "2015.12.19"]
[Round "3"]
[White "Chapelain, Florent"]
[Black "Kollar, Guillaume"]
[Result "0-1"]
[WhiteElo "1846"]
[BlackElo "1333"]
[PlyCount "97"]
[EventDate "2015.12.19"]
[EventType "swiss"]
[EventRounds "5"]
[EventCountry "FRA"]
[SourceTitle "EXT 2019"]
[Source "ChessBase"]
[SourceDate "2018.10.10"]
[SourceVersion "1"]
[SourceVersionDate "2018.10.10"]
[SourceQuality "1"]

1. e4 c5 2. Nc3 d6 3. f4 Nf6 4. Nf3 Nc6 5. Bc4 e6 6. Qe2 Be7 7. d3 0-0 8. a4 Na5 9. Ba2 a6 10. 0-0 Rb8 11. Bd2 Bd7 12. e5 Nd5 13. Nxd5 exd5 14. Bxd5 Bc6 15. Be4 Bxe4 16. dxe4 Nc6 17. exd6 Bxd6 18. e5 Re8 19. Qf2 Be7 20. Bc3 b5 21. axb5 axb5 22. Rfd1 Qc7 23. b3 b4 24. Bd2 Nd4 25. Be3 Nf5 26. Bd2 c4 27. Ra7 Qc8 28. Rxe7 Rxe7 29. g4 Nh6 30. h3 cxb3 31. cxb3 Qc2 32. Qf1 Qxb3 33. Nd4 Qa4 34. Ra1 Qd7 35. Qc4 Qc7 36. Qxc7 Rxc7 37. g5 Rc4 38. Be3 b3 39. Nxb3 Nf5 40. Bd2 g6 41. Na5 Rc2 42. Be1 Rbb2 43. Ra3 Rb1 44. Kf1 Rcc1 45. Kf2 Rxe1 46. Nc4 Rf1+ 47. Ke2 Rxf4 48. Nd6 Rb2+ 49. Kd3 0-1

[Event "Basses Vallees Angevines op 4th"]
[Site "Cantenay Epinard"]
[Date "2015.12.19"]
[Round "1"]
[White "Giua, Louka"]
[Black "Kollar, Guillaume"]
[Result "0-1"]
[WhiteElo "1169"]
[BlackElo "1333"]
[PlyCount "72"]
[EventDate "2015.12.19"]
[EventType "swiss"]
[EventRounds "5"]
[EventCountry "FRA"]
[SourceTitle "EXT 2019"]
[Source "ChessBase"]
[SourceDate "2018.10.10"]
[SourceVersion "1"]
[SourceVersionDate "2018.10.10"]
[SourceQuality "1"]

1. e4 c5 2. Nc3 d6 3. g3 Nf6 4. Bg2 g6 5. d3 Bg7 6. f4 0-0 7. Nf3 Nc6 8. Be3 Be6 9. 0-0 Ng4 10. Qd2 Nxe3 11. Qxe3 Nd4 12. Ne2 Nxc2 13. Qd2 Nxa1 14. Rxa1 Qb6 15. Ng5 Bg4 16. Nf3 Bxb2 17. Rb1 Bd4+ 18. Kf1 Qxb1+ 19. Ne1 Bxe2+ 20. Qxe2 e6 21. Bh3 b5 22. f5 exf5 23. exf5 Rfe8 24. Qd2 Re3 25. Bg2 Rae8 26. Be4 d5 27. fxg6 hxg6 28. a4 dxe4 29. axb5 exd3 30. b6 axb6 31. h4 Rxe1+ 32. Kg2 R1e2+ 33. Kf3 Rxd2 34. Kf4 Rf2+ 35. Kg5 Re5+ 36. Kh6 Be3# 0-1